[Event "DVM U14 2017"]
[Site "Verden/Aller GER"]
[Date "2017.12.29"]
[Round "6"]
[White "Brückner, Alexander"]
[Black "Huber, Benedikt"]
[Result "1-0"]
[Termination "normal"]
[Board "6.1"]
[WhiteElo "1874"]
[BlackElo "2015"]
[WhiteTeam "SF Augsburg"]
[BlackTeam "SK München Südost"]
[PlyCount "71"]
[WhiteFideId "12952613"]
[BlackFideId "12923583"]
[EventCountry "GER"]
[EventRounds "7"]
[EventType "team-swiss"]
[EventDate "2017.12.26"]

1. e4 c5 2. Nc3 e6 3. g3 Nc6 4. Bg2 Nf6 5. f4 d5 6. e5 Nd7 7. Nf3 a6 8. O-O b5
9. h3 b4 10. Ne2 a5 11. d4 Ba6 12. c3 bxc3 13. bxc3 cxd4 14. cxd4 Nb6 15. Rf2
Nc4 16. g4 Qd7 17. Ng3 Bb4 18. Rc2 a4 19. f5 O-O-O 20. Rb1 Qa7 21. Kh1 a3 22.
Ne2 h5 23. Ng5 hxg4 24. fxe6 fxe6 25. Nxe6 gxh3 26. Bf3 Qf7 27. N2f4 Rd7 28.
Bg4 Be7 29. Nxd5 Qg6 30. Nb6+ Nxb6 31. Rxc6+ Kb8 32. Rbxb6+ Bb7 33. Nc5 Bxc5
34. Rxb7+ Rxb7 35. Rxg6 Rb1 36. dxc5 {Aufgabe Schwarz} 1-0

[Event "DVM U14 2017"]
[Site "Verden/Aller GER"]
[Date "2017.12.29"]
[Round "6"]
[White "Lohvinov, Petro"]
[Black "Gubariev, Jakob"]
[Result "0-1"]
[Termination "normal"]
[Board "6.2"]
[WhiteElo "1854"]
[BlackElo "1782"]
[WhiteTeam "SK München Südost"]
[BlackTeam "SF Augsburg"]
[PlyCount "96"]
[WhiteFideId "14176661"]
[BlackFideId "16216938"]
[EventCountry "GER"]
[EventRounds "7"]
[EventType "team-swiss"]
[EventDate "2017.12.26"]

1. e4 c5 2. Nf3 Nc6 3. d4 cxd4 4. Nxd4 Qb6 5. Nb3 Nf6 6. Nc3 e6 7. Be3 Qc7 8.
Bd3 a6 9. O-O Be7 10. f4 d6 11. a3 b5 12. Qf3 Nd7 13. Rad1 O-O 14. Kh1 Nb6 15.
Nd2 Rb8 16. Qg3 Bf6 17. e5 dxe5 18. fxe5 Bxe5 19. Qh4 f5 20. Rf3 Bf6 21. Qh5
Qf7 22. Qxf7+ Rxf7 23. Bc5 Ne5 24. Bd6 Nxf3 25. Bxb8 Nxd2 26. Rxd2 Rd7 27. Re2
Kf7 28. Kg1 Nd5 29. Nxd5 Rxd5 30. b3 e5 31. Rd2 Be6 32. Rd1 e4 33. Be2 Rxd1+
34. Bxd1 Bd5 35. Be2 Ke6 36. Kf1 Be5 37. Bxe5 Kxe5 38. c4 bxc4 39. bxc4 Bc6 40.
Kf2 f4 41. Bg4 Kd4 42. Be2 Ba4 43. h4 h6 44. h5 a5 45. Ke1 Bb3 46. Kd2 Bxc4 47.
Bg4 Bf1 48. Bh3 f3 0-1

[Event "DVM U14 2017"]
[Site "Verden/Aller GER"]
[Date "2017.12.29"]
[Round "6"]
[White "Vuckovic, Katarina"]
[Black "Costa, Leonardo"]
[Result "0-1"]
[Termination "normal"]
[Board "6.3"]
[WhiteElo "1288"]
[BlackElo "1851"]
[WhiteTeam "SF Augsburg"]
[BlackTeam "SK München Südost"]
[PlyCount "120"]
[WhiteFideId "16232615"]
[BlackFideId "16213955"]
[EventCountry "GER"]
[EventRounds "7"]
[EventType "team-swiss"]
[EventDate "2017.12.26"]

1. e4 c5 2. Nc3 d6 3. d3 g6 4. Be3 Bg7 5. Qd2 Nc6 6. g3 Nf6 7. Bh6 O-O 8. Bg2
a6 9. Bxg7 Kxg7 10. f4 Bd7 11. Nf3 b5 12. O-O Qb6 13. e5 Ne8 14. d4 cxd4 15.
Qf2 Rb8 16. Ne2 dxe5 17. Nxe5 Nxe5 18. fxe5 Nc7 19. Qxd4 Qxd4+ 20. Nxd4 Ne6 21.
Rad1 Nxd4 22. Rxd4 Be6 23. a3 Rfd8 24. Rfd1 Rxd4 25. Rxd4 Rc8 26. c3 Rc5 27.
Re4 Rd5 28. Re2 Rd1+ 29. Kf2 Bc4 30. Re3 Rd2+ 31. Kg1 Rxb2 32. Bb7 a5 33. Re1
Ra2 34. Rb1 Rxa3 35. Ba6 Rb3 36. Rxb3 Bxb3 37. Bxb5 a4 38. Bxa4 Bxa4 39. Kf2 f6
40. exf6+ Kxf6 41. g4 Ke5 42. Ke3 Bb5 43. h4 h6 44. Kf3 Kd5 45. Ke3 Kc4 46. g5
h5 47. Kd2 Ba4 48. Ke3 Kxc3 49. Ke4 Kc4 50. Ke5 Bd7 51. Ke4 Bf5+ 52. Ke5 Kc3
53. Kf4 Kd4 54. Kf3 e5 55. Ke2 e4 56. Kd2 e3+ 57. Ke2 Bg4+ 58. Kf1 Kd3 59. Ke1
e2 60. Kf2 Kd2 {Aufgabe Weiß} 0-1

[Event "DVM U14 2017"]
[Site "Verden/Aller GER"]
[Date "2017.12.29"]
[Round "6"]
[White "Klonov, Jakov"]
[Black "Hamkar, Behzad"]
[Result "1-0"]
[Termination "normal"]
[Board "6.4"]
[WhiteElo "1262"]
[BlackElo "1145"]
[WhiteTeam "SK München Südost"]
[BlackTeam "SF Augsburg"]
[PlyCount "117"]
[WhiteFideId "16211928"]
[BlackFideId "16255631"]
[EventCountry "GER"]
[EventRounds "7"]
[EventType "team-swiss"]
[EventDate "2017.12.26"]

1. e4 e6 2. d4 d5 3. Nd2 dxe4 4. Nxe4 Nd7 5. Nf3 Ngf6 6. Bd3 Nxe4 7. Bxe4 Nf6
8. Bg5 Be7 9. Bxf6 Bxf6 10. O-O Be7 11. Re1 O-O 12. c3 c6 13. Re3 Qc7 14. Ne5
f6 15. Nc4 b6 16. Qh5 f5 17. Bd3 Rf6 18. Ne5 Bd6 19. Rh3 g6 20. Qh6 Qg7 21. Qg5
Rf8 22. Re1 Be7 23. Qg3 Bb7 24. Bc4 Bc8 25. Nxc6 Rf6 26. d5 Qf7 27. Qe5 Bb7 28.
dxe6 Qf8 29. Nxe7+ Qxe7 30. Qb5 Bc8 31. Qb4 Qxb4 32. cxb4 Kf8 33. e7+ Ke8 34.
Rhe3 Bd7 35. Bg8 h6 36. Bh7 Rc8 37. Rg3 Re6 38. Bxg6+ Kxe7 39. Rxe6+ Bxe6 40.
Rc3 Rd8 41. Bh5 Bxa2 42. Rc7+ Rd7 43. Rxd7+ Kxd7 44. Kf1 Kc6 45. Be2 Kd5 46.
Ke1 Bc4 47. Bf3+ Kd4 48. Kd2 Bb3 49. Be2 Ba4 50. Bd3 f4 51. g3 Ke5 52. g4 Bd7
53. f3 Kd4 54. h4 Ke5 55. g5 hxg5 56. hxg5 Be8 57. Be4 a6 58. Kc3 Bb5 59. Bd3 {
Schwarze Uhr abgelaufen} 1-0

[Event "DVM U14 2017"]
[Site "Verden/Aller GER"]
[Date "2017.12.29"]
[Round "6"]
[White "Haller, Luis"]
[Black "Triantafillidis, Simeon"]
[Result "1/2-1/2"]
[Termination "normal"]
[Board "7.1"]
[WhiteElo "1711"]
[BlackElo "1808"]
[WhiteTeam "SF Konz-Karthaus"]
[BlackTeam "SF HN-Biberach"]
[PlyCount "88"]
[WhiteFideId "16209826"]
[BlackFideId "12953113"]
[EventCountry "GER"]
[EventRounds "7"]
[EventType "team-swiss"]
[EventDate "2017.12.26"]

1. e4 e5 2. Nf3 Nc6 3. Bb5 g6 4. O-O Bg7 5. c3 Nge7 6. d4 exd4 7. cxd4 d5 8. e5
O-O 9. Re1 Bg4 10. Be3 a6 11. Be2 h6 12. Qd2 Kh7 13. h3 Be6 14. Nh2 Nf5 15. Nc3
Qe7 16. Na4 Nxe3 17. fxe3 Bf5 18. Rac1 Nd8 19. Rc3 Ne6 20. Rec1 f6 21. exf6
Bxf6 22. Nc5 c6 23. Rb3 Rab8 24. Bg4 Nxc5 25. Rxc5 Be4 26. Bf3 Bh4 27. Bxe4
Bf2+ 28. Kh1 Qxe4 29. Qd3 Qh4 30. Ng4 Bg3 31. e4 Bd6 32. Rc1 dxe4 33. Qxe4 h5
34. Qe6 hxg4 35. Qxd6 Rfe8 36. Qd7+ Re7 37. Qxg4 Qxg4 38. hxg4 Rd8 39. Rd1 Kh6
40. Kh2 Kg5 41. Kg3 Rdd7 42. Rc3 Re4 43. Rc5+ Rd5 44. Rxd5+ cxd5 1/2-1/2

[Event "DVM U14 2017"]
[Site "Verden/Aller GER"]
[Date "2017.12.29"]
[Round "6"]
[White "Geltz, Noah"]
[Black "Gatkewicz, Maurizio"]
[Result "1-0"]
[Termination "normal"]
[Board "7.2"]
[WhiteElo "1719"]
[BlackElo "1642"]
[WhiteTeam "SF HN-Biberach"]
[BlackTeam "SF Konz-Karthaus"]
[PlyCount "68"]
[WhiteFideId "16224256"]
[BlackFideId "16255658"]
[EventCountry "GER"]
[EventRounds "7"]
[EventType "team-swiss"]
[EventDate "2017.12.26"]

1. c4 e5 2. g3 g6 3. Bg2 Bg7 4. Nc3 d6 5. e3 c5 6. Nge2 Nc6 7. O-O Nge7 8. Rb1
O-O 9. a3 a5 10. Nb5 Be6 11. Qc2 f5 12. Rd1 Rb8 13. d4 exd4 14. exd4 cxd4 15.
Nexd4 Bxd4 16. Nxd4 Nxd4 17. Rxd4 Qb6 18. Qd3 Rbd8 19. Bg5 Rfe8 20. Re1 Nc6 21.
Bxc6 bxc6 22. Bxd8 Qxd8 23. Rxd6 Qc8 24. Rexe6 Rxe6 25. Rd8+ Re8 26. Rxc8 Rxc8
27. Qd7 Rf8 28. Qxc6 Kg7 29. Qc7+ Rf7 30. Qxa5 Re7 31. c5 Kf8 32. c6 Ke8 33.
Qd5 Rc7 34. Qe6+ Re7 1-0

[Event "DVM U14 2017"]
[Site "Verden/Aller GER"]
[Date "2017.12.29"]
[Round "6"]
[White "Biermann, Sophie"]
[Black "Späth, René"]
[Result "1-0"]
[Termination "normal"]
[Board "7.3"]
[WhiteElo "1594"]
[BlackElo "1599"]
[WhiteTeam "SF Konz-Karthaus"]
[BlackTeam "SF HN-Biberach"]
[PlyCount "135"]
[WhiteFideId "16208960"]
[BlackFideId "16224272"]
[EventCountry "GER"]
[EventRounds "7"]
[EventType "team-swiss"]
[EventDate "2017.12.26"]

1. e4 c5 2. Nc3 a6 3. f4 b5 4. a3 e6 5. d3 Bb7 6. Nf3 Ne7 7. Be3 Qc7 8. Qd2 d5
9. exd5 exd5 10. d4 c4 11. Be2 Nf5 12. O-O f6 13. b3 Bd6 14. Ne1 O-O 15. Bg4
Nh6 16. Be6+ Kh8 17. Bxd5 Bxd5 18. Nxd5 Qc6 19. Nc3 cxb3 20. cxb3 b4 21. Nb1 a5
22. axb4 Bxb4 23. Qc2 Qe6 24. Bd2 Bxd2 25. Qxd2 Qxb3 26. Nf3 Nc6 27. Rc1 Qb6
28. Nc3 Nf5 29. Nd5 Qd8 30. Rxc6 Qxd5 31. Rc5 Qd6 32. Rxf5 a4 33. Ra5 Rxa5 34.
Qxa5 Qxf4 35. Qxa4 Qe3+ 36. Kh1 g6 37. Rd1 Qe4 38. Qa3 Rd8 39. Qa6 Qe7 40. Re1
Qd6 41. Re8+ Kg7 42. Qxd6 Rxd6 43. Re7+ Kg8 44. g3 g5 45. g4 h5 46. h3 Kf8 47.
Rh7 hxg4 48. hxg4 f5 49. Nxg5 fxg4 50. Rh4 Ke7 51. Rxg4 Rg6 52. Re4+ Kd6 53.
Nf3 Re6 54. Rxe6+ Kxe6 55. Kg2 Kd5 56. Kg3 Ke4 57. Kg4 Kd5 58. Kf4 Kd6 59. Ke4
Ke6 60. d5+ Kd6 61. Kd4 Kd7 62. Kc5 Kc7 63. Ne5 Kd8 64. Kc6 Kc8 65. d6 Kd8 66.
Nf7+ Ke8 67. Kc7 Kxf7 68. d7 {Aufgabe Schwarz} 1-0

[Event "DVM U14 2017"]
[Site "Verden/Aller GER"]
[Date "2017.12.29"]
[Round "6"]
[White "Gerold, Robin"]
[Black "Schilz, Luna"]
[Result "1-0"]
[Termination "normal"]
[Board "7.4"]
[WhiteElo "1319"]
[BlackElo "1319"]
[WhiteTeam "SF HN-Biberach"]
[BlackTeam "SF Konz-Karthaus"]
[PlyCount "105"]
[WhiteFideId "16235185"]
[BlackFideId "16235320"]
[EventCountry "GER"]
[EventRounds "7"]
[EventType "team-swiss"]
[EventDate "2017.12.26"]

1. e4 e5 2. Nf3 Nc6 3. g3 Bc5 4. Bg2 Nf6 5. d3 h6 6. O-O d6 7. Nc3 Bg4 8. Be3
Nd4 9. Bxd4 Bxd4 10. Qd2 Bb6 11. Nd1 O-O 12. Ne3 Be6 13. Qe2 d5 14. exd5 Nxd5
15. Nxe5 Re8 16. N5c4 Nxe3 17. Nxe3 c6 18. Rfe1 Bd5 19. Bxd5 cxd5 20. Qf3 d4
21. Nc4 Rb8 22. Qf4 Bc7 23. Rxe8+ Qxe8 24. Qxc7 Qf8 25. Nd6 Rd8 26. Nxb7 Rc8
27. Qd7 Rxc2 28. Re1 Rc8 29. Nd6 Rd8 30. Qxd8 Qxd8 31. Re8+ Qxe8 32. Nxe8 Kf8
33. Nd6 a6 34. f4 g6 35. Kf2 f5 36. Nc4 Ke7 37. Ne5 Kf6 38. Ke2 Kg7 39. Nc6 Kf6
40. Nxd4 Ke7 41. Ke3 Kd6 42. b4 Kd5 43. b5 axb5 44. Nxb5 Kc6 45. a4 Kb6 46. d4
Kc6 47. Kd3 Kb6 48. Kc4 Kc6 49. d5+ Kd7 50. Kc5 Kc8 51. Kc6 Kd8 52. d6 Kc8 53.
d7+ {Aufgabe Schwarz} 1-0

[Event "DVM U14 2017"]
[Site "Verden/Aller GER"]
[Date "2017.12.29"]
[Round "6"]
[White "Waffenschmidt, Lars"]
[Black "Kracht, Raphael"]
[Result "0-1"]
[Termination "normal"]
[Board "8.1"]
[WhiteElo "1715"]
[BlackElo "1846"]
[WhiteTeam "SK Bebenhausen"]
[BlackTeam "SF Brackel"]
[PlyCount "118"]
[WhiteFideId "16244656"]
[BlackFideId "16214382"]
[EventCountry "GER"]
[EventRounds "7"]
[EventType "team-swiss"]
[EventDate "2017.12.26"]

1. e4 e5 2. Nf3 Nc6 3. Bc4 Nf6 4. d3 Qe7 5. Ng5 h6 6. Nf3 d6 7. c3 g6 8. O-O
Bg7 9. Re1 O-O 10. Nbd2 Na5 11. Bb5 a6 12. Ba4 b5 13. Bc2 c5 14. b4 cxb4 15.
cxb4 Nc6 16. a3 d5 17. exd5 Nxd5 18. Bb2 Bg4 19. h3 Bxf3 20. Qxf3 Qd8 21. Rab1
Nd4 22. Bxd4 exd4 23. Bb3 Nc3 24. Rbc1 Qd7 25. Ne4 Nxe4 26. Qxe4 Kh7 27. Qd5
Qxd5 28. Bxd5 Rac8 29. Bb7 Rc3 30. Red1 Rh8 31. Bd5 Rhc8 32. Ra1 R8c7 33. Kf1
f5 34. Ke2 h5 35. Ra2 Re7+ 36. Kf1 h4 37. a4 Rd7 38. Be6 Rd6 39. Bf7 Rd7 40.
Be6 Rd6 41. Bf7 bxa4 42. Rxa4 Rb6 43. Bc4 Bf8 44. Rb1 a5 45. Rxa5 Rxb4 46. Rxb4
Bxb4 47. Ra6 Kh6 48. Ke1 Rc1+ 49. Ke2 Rc2+ 50. Kf1 Bc3 51. Rd6 Kg5 52. g3 hxg3
53. fxg3 Rc1+ 54. Kg2 Rc2+ 55. Kg1 Be1 56. h4+ Kh5 57. Bf7 Bxg3 58. Bxg6+ Kxh4
59. Bxf5 Bxd6 {Aufgabe Weiß} 0-1

[Event "DVM U14 2017"]
[Site "Verden/Aller GER"]
[Date "2017.12.29"]
[Round "6"]
[White "Skabs, Denis"]
[Black "Marx, Benedikt"]
[Result "1-0"]
[Termination "normal"]
[Board "8.2"]
[WhiteElo "1717"]
[BlackElo "1387"]
[WhiteTeam "SF Brackel"]
[BlackTeam "SK Bebenhausen"]
[PlyCount "67"]
[WhiteFideId "16248449"]
[BlackFideId "16255690"]
[EventCountry "GER"]
[EventRounds "7"]
[EventType "team-swiss"]
[EventDate "2017.12.26"]

1. e4 e5 2. Nf3 Nc6 3. Bc4 Bc5 4. d3 Nf6 5. c3 d6 6. Bg5 O-O 7. O-O Re8 8. Nbd2
h6 9. Bh4 Rb8 10. b4 Bb6 11. Re1 a6 12. Nf1 Bg4 13. Ne3 Bxe3 14. Rxe3 g5 15.
Bg3 Ne7 16. Qb3 Rf8 17. Rae1 b5 18. d4 bxc4 19. Qxc4 exd4 20. cxd4 Nd7 21. h4
Bxf3 22. Rxf3 Kg7 23. hxg5 hxg5 24. e5 Nb6 25. Qe2 Ned5 26. Rf5 Kg6 27. Qg4 Rh8
28. f4 Kg7 29. Rxg5+ Kf8 30. e6 Ne7 31. exf7 Nbc8 32. Bh4 Kxf7 33. Qe6+ Kf8 34.
Qf6+ 1-0

[Event "DVM U14 2017"]
[Site "Verden/Aller GER"]
[Date "2017.12.29"]
[Round "6"]
[White "Stych, Paul"]
[Black "Kocharin, Timur"]
[Result "1/2-1/2"]
[Termination "normal"]
[Board "8.4"]
[WhiteElo "1310"]
[BlackElo "1265"]
[WhiteTeam "SF Brackel"]
[BlackTeam "SK Bebenhausen"]
[PlyCount "95"]
[WhiteFideId "16255615"]
[BlackFideId "16240936"]
[EventCountry "GER"]
[EventRounds "7"]
[EventType "team-swiss"]
[EventDate "2017.12.26"]

1. e4 c5 2. d4 cxd4 3. c3 dxc3 4. Nxc3 e6 5. Bc4 a6 6. Nf3 Nc6 7. Bf4 b5 8. Bb3
Bb4 9. Nd4 Nge7 10. a4 Qa5 11. Nde2 Bxc3+ 12. Nxc3 b4 13. Ne2 d5 14. exd5 Nxd5
15. Bxd5 Qxd5 16. Qxd5 exd5 17. O-O O-O 18. Rfd1 Be6 19. Rac1 Rfc8 20. Rc2 Na5
21. Rdc1 Rxc2 22. Rxc2 Rc8 23. Rxc8+ Bxc8 24. Nd4 Kf8 25. Bd6+ Ke8 26. b3 Bb7
27. Bxb4 Nc6 28. Nxc6 Bxc6 29. Bc3 g6 30. Kf1 Kd7 31. Ke2 Kd6 32. Kd3 Kc5 33.
b4+ Kd6 34. a5 f5 35. Kd4 Bb5 36. Bd2 Bc4 37. Bf4+ Ke6 38. g3 Kf6 39. h4 Ke6
40. Be5 Ba2 41. f4 {(=)} h5 42. Kc5 Bc4 43. Kd4 Be2 44. Kc5 Bb5 45. Kd4 Ba4 46.
Kc5 Be8 47. Kd4 Bf7 48. Bg7 1/2-1/2

[Event "DVM U14 2017"]
[Site "Verden/Aller GER"]
[Date "2017.12.29"]
[Round "6"]
[White "Abele, Anais"]
[Black "Sehmsdorf, Johann"]
[Result "0-1"]
[Termination "normal"]
[Board "9.1"]
[WhiteElo "1666"]
[BlackElo "1610"]
[WhiteTeam "SC Aurich"]
[BlackTeam "SV Dresden-Striesen"]
[PlyCount "88"]
[WhiteFideId "16208927"]
[BlackFideId "12985139"]
[EventCountry "GER"]
[EventRounds "7"]
[EventType "team-swiss"]
[EventDate "2017.12.26"]

1. e4 e6 2. d4 d5 3. Nd2 Nf6 4. e5 Nfd7 5. f4 c5 6. Ngf3 a6 7. Nb3 Nc6 8. c3 b5
9. Be2 c4 10. Nbd2 Bb7 11. Qc2 Qb6 12. O-O Be7 13. Kh1 g6 14. Rg1 O-O-O 15. Nf1
f6 16. b3 Kb8 17. bxc4 bxc4 18. Rb1 Qa7 19. Ne3 Nb6 20. Bd2 f5 21. Nd1 Kc7 22.
Nb2 Nb8 23. Na4 N8d7 24. Nxb6 Nxb6 25. Bc1 Bc6 26. Bd1 h6 27. Be3 Rdg8 28. Qc1
Rg7 29. g3 Na4 30. Kg2 Rb8 31. Bxa4 Bxa4 32. Qd2 Rgg8 33. Rgf1 Rb7 34. Rxb7+
Qxb7 35. Rf2 Rb8 36. Qe2 Qb1 37. Rf1 Qe4 38. Rf2 Ba3 39. Qe1 Rb1 40. Qe2 Bd1
41. Qd2 Bxf3+ 42. Rxf3 Rb2 43. Qxb2 Bxb2 44. Kf2 Bxc3 {Aufgabe Weiß} 0-1

[Event "DVM U14 2017"]
[Site "Verden/Aller GER"]
[Date "2017.12.29"]
[Round "6"]
[White "Richter, Kevin"]
[Black "Rajendram, Reanosh"]
[Result "0-1"]
[Termination "normal"]
[Board "9.2"]
[WhiteElo "1352"]
[BlackElo "1638"]
[WhiteTeam "SV Dresden-Striesen"]
[BlackTeam "SC Aurich"]
[PlyCount "178"]
[WhiteFideId "16255720"]
[BlackFideId "12965162"]
[EventCountry "GER"]
[EventRounds "7"]
[EventType "team-swiss"]
[EventDate "2017.12.26"]

1. d4 Nf6 2. c4 g6 3. Nc3 Bg7 4. e4 d6 5. h3 O-O 6. Nf3 e5 7. dxe5 dxe5 8. Qxd8
Rxd8 9. Nxe5 Nxe4 10. Nxe4 Bxe5 11. Be2 Bf5 12. Bf3 c6 13. O-O Na6 14. Bg5 Rd4
15. Nd2 Rd7 16. Ne4 Bxb2 17. Nf6+ Bxf6 18. Bxf6 Re8 19. Rfe1 Re6 20. Rxe6 Bxe6
21. Re1 Kf8 22. Bg5 Kg7 23. Bg4 Bxg4 24. hxg4 Nc7 25. Bf4 f6 26. g5 fxg5 27.
Bxg5 Kf7 28. Be3 b6 29. g4 Ne6 30. Kg2 Nd4 31. Rh1 Kg7 32. Rd1 c5 33. Bf4 Kf6
34. Bg3 Re7 35. Rh1 Kg7 36. Bd6 Re4 37. Kg3 Re6 38. Bb8 Nc6 39. Bf4 Nd4 40. Bb8
Nc6 41. Bf4 Re2 42. a3 Re4 43. Rd1 Nd4 44. Bb8 Re7 45. Kg2 Kf7 46. Rh1 Ke8 47.
Bd6 Rd7 48. Bb8 Nc6 49. Bf4 Kd8 50. Bg5+ Kc7 51. Re1 Rd4 52. Kg3 Rxc4 53. Bf4+
Kb7 54. Ra1 Rc3+ 55. Kh4 Rf3 56. Bg3 Nd4 57. a4 Ne2 58. Re1 Nxg3 59. fxg3 Rf7
60. Re4 Rd7 61. Kg5 Ka6 62. Re1 Ka5 63. Re4 Ka6 64. Re1 Rd4 65. Ra1 h6+ 66.
Kxg6 Rxg4+ 67. Kxh6 Rxg3 68. Rc1 Ra3 69. Rc4 Ka5 70. Kg5 Rxa4 71. Rc1 Rb4 72.
Ra1+ Ra4 73. Rc1 Kb5 74. Kf5 Rb4 75. Ke5 a5 76. Ra1 a4 77. Kd5 Rb3 78. Rc1 a3
79. Ra1 c4 80. Kd4 Kb4 81. Rc1 b5 82. Kd5 a2 83. Ra1 Rb2 84. Kc6 Kb3 85. Kxb5
Rb1 86. Rxa2 Kxa2+ 87. Ka4 c3 88. Ka5 c2 89. Ka6 c1=Q {Aufgabe Weiß} 0-1

[Event "DVM U14 2017"]
[Site "Verden/Aller GER"]
[Date "2017.12.29"]
[Round "6"]
[White "Goldbeck, Kilian"]
[Black "Hiller, Klemens"]
[Result "0-1"]
[Termination "normal"]
[Board "9.3"]
[WhiteElo "1292"]
[BlackElo "1174"]
[WhiteTeam "SC Aurich"]
[BlackTeam "SV Dresden-Striesen"]
[PlyCount "44"]
[WhiteFideId "16255674"]
[BlackFideId "16255739"]
[EventCountry "GER"]
[EventRounds "7"]
[EventType "team-swiss"]
[EventDate "2017.12.26"]

1. e4 e6 2. d4 d5 3. Nd2 c5 4. Ngf3 Nc6 5. c3 dxe4 6. Nxe4 cxd4 7. cxd4 g6 8.
Bg5 Be7 9. Bd3 Bxg5 10. Nexg5 h6 11. Ne4 Nf6 12. Nxf6+ Qxf6 13. O-O O-O 14. Bc2
Rd8 15. Qd2 Nxd4 16. Nxd4 Rxd4 17. Qxh6 Rh4 18. Qd2 b6 19. Rad1 Bb7 20. Bb3
Bxg2 21. Rfe1 Rg4 22. Rc1 Bh3+ {Aufgabe Weiß} 0-1

[Event "DVM U14 2017"]
[Site "Verden/Aller GER"]
[Date "2017.12.29"]
[Round "6"]
[White "Olligs, Antonius"]
[Black "Meyer, Beenke"]
[Result "0-1"]
[Termination "normal"]
[Board "9.4"]
[WhiteElo "1556"]
[BlackElo "1271"]
[WhiteTeam "SV Dresden-Striesen"]
[BlackTeam "SC Aurich"]
[PlyCount "134"]
[WhiteFideId "16236955"]
[BlackFideId "16255682"]
[EventCountry "GER"]
[EventRounds "7"]
[EventType "team-swiss"]
[EventDate "2017.12.26"]

1. e4 c5 2. Nf3 Nc6 3. Nc3 e6 4. d3 Be7 5. Be2 d5 6. exd5 exd5 7. O-O Nf6 8.
Re1 O-O 9. Bf4 a6 10. d4 c4 11. Ne5 Qb6 12. Nxc6 Qxc6 13. Bf3 Be6 14. Bg5 Rad8
15. Qd2 Rfe8 16. b3 b5 17. bxc4 bxc4 18. Ne2 Bf5 19. c3 Bd3 20. Bxf6 Bxf6 21.
Nf4 Bg5 22. g3 Qd6 23. h4 Bh6 24. Rxe8+ Rxe8 25. Re1 Be4 26. Qe3 Kf8 27. Bxe4
Rxe4 28. Qd2 Rxe1+ 29. Qxe1 Bxf4 30. gxf4 Qxf4 31. Qe5 Qxe5 32. dxe5 Ke7 33. f4
Ke6 34. Kf2 f6 35. exf6 gxf6 36. Ke3 Kf5 37. Kf3 h5 38. a3 a5 39. Ke3 Kg4 40.
f5 Kxf5 41. Kf3 Ke5 42. Ke3 f5 43. Kf3 f4 44. a4 d4 45. cxd4+ Kxd4 46. Kxf4 c3
47. Kg5 c2 48. Kxh5 c1=Q 49. Kg6 Kc4 50. h5 Kb4 51. h6 Qxh6+ 52. Kxh6 Kxa4 53.
Kg5 Kb3 54. Kf4 a4 55. Ke4 a3 56. Kd4 a2 57. Ke5 a1=Q+ 58. Kd5 Qe1 59. Kd6 Qe4
60. Kc5 Qd3 61. Kc6 Qd4 62. Kb7 Qc5 63. Kb8 Qe7 64. Kc8 Kc4 65. Kb8 Kb5 66. Kc8
Kc6 67. Kb8 Qb7# 0-1